000 00369nam a2200145Ia 4500
005 20250323135513.0
008 240331s9999 xx 000 0 und d
082 _bMUT
_a294
100 _aMuthuraman
245 0 _aNallavai ellam tharum
260 _aChennai
_bKizhakku Pathippagam
_c2004
300 _a104 p .,
500 _aNavakkiraga thalgali patriyathu
942 _cL
999 _c4579
_d4579